Individualist (Record no. 3294)

MARC details
000 -LEADER
fixed length control field 00397nam a22001457a 4500
008 - FIXED-LENGTH DATA ELEMENTS--GENERAL INFORMATION
fixed length control field 250505b |||||||| |||| 00| 0 eng d
020 ## - INTERNATIONAL STANDARD BOOK NUMBER
ISBN 978069115548
100 ## - MAIN ENTRY--AUTHOR
Author Zwolinski Matt
245 ## - TITLE STATEMENT
Title Individualist
260 ## - PUBLICATION, DISTRIBUTION, ETC. (IMPRINT)
Place of publication New Jersey
Name of publisher Princeton University Press
Date of publication 2023
300 ## - COLLATION
Pagination X,416P.
650 ## - TRACINGS
Main Subject Libertarianism/Political Ideas
Subdivision (1st) Philosophy/Political
942 ## - ADDED ENTRY ELEMENTS (KOHA)
Item type Books
050 ## - LIBRARY OF CONGRESS CALL NUMBER
Classification number JC585
Item number .Z96
Holdings
Source of classification or shelving scheme Not for loan Permanent location Current location Date acquired Accession No. Full call number Barcode. Koha item type
Library of Congress Classification   Samuel Ogbemudia Main Library, University of Abuja Samuel Ogbemudia Main Library, University of Abuja 05/05/2025 2024/63875 JC585.Z96 2025-1749 Books